000 00391nam a2200169Ia 4500
005 20250425161211.0
008 250425s9999 xx 000 0 und d
041 _aeng
082 _a621.3132
245 0 _aIEEE STANDARD TEST CODE FOR DIRECT-CURRENT MA
250 _aS.E.
260 _aEstados Unidos
_bIEEE
_c1973
260 _aS.L.
300 _a35
942 _c01
010 _a14914
999 _c204417
_d204417